Rosa AC Milan 2025-2026 - Statistics

Statistiche generali
  • Questo quiz è stato fatto 95 volte
    45 dall'ultimo reset
  • Il punteggio medio è 22 su 24
Statistiche sulle risposte
Ruolo N° Maglia Nazionalità Giocatore % Corretto
P 16 i Mike Maignan
100%
C 14 i Luka Modrić
97%
D 46 i Matteo Gabbia
97%
C 12 i Adrien Rabiot
95%
C 11 i Christian Pulisic
95%
D 23 i Fikayo Tomori
95%
Allenatore - i Massimiliano Allegri
95%
A 10 i Rafael Leão
95%
A 9 i Niclas Füllkrug
92%
D 2 i Pervis Estupiñán
92%
A 7 i Santiago Giménez
92%
D 31 i Strahinja Pavlović
92%
C 19 i Youssouf Fofana
92%
C 30 i Ardon Jashari
90%
D 5 i Koni De Winter
90%
C 8 i Ruben Loftus-Cheek
90%
A 18 i Christopher Nkunku
87%
D 33 i Davide Bartesaghi
87%
C 4 i Samuele Ricci
87%
C 56 i Alexis Saelemaekers
85%
P 96 i Lorenzo Torriani
82%
P 1 i Pietro Terracciano
82%
D 24 i Zachary Athekame
77%
D 27 i David Odogu
67%
Nessun quiz corrispondente trovato
Distribuzione punteggi
Percentuale di utenti per punteggio
Percentile per numero di risposta
I tuoi punteggi nel tempo
Non hai fatto questo quiz dall'ultimo reset